[Event "Kowalewo Pomorskie op-B 16th"]
[Site "Kowalewo Pomorskie"]
[Date "2009.07.11"]
[Round "9"]
[White "Siergiej, Izabela"]
[Black "Bernacki, Gabriel"]
[Result "0-1"]
[WhiteElo "1728"]
[BlackElo "1888"]
[PlyCount "108"]
[EventDate "2009.07.04"]
[EventType "swiss"]
[EventRounds "9"]
[EventCountry "POL"]
[SourceTitle "EXT 2011"]
[Source "ChessBase"]
[SourceDate "2010.11.26"]
[SourceVersion "1"]
[SourceVersionDate "2010.11.26"]
[SourceQuality "1"]

1. e4 c6 2. d4 d5 3. Nd2 dxe4 4. Nxe4 Bf5 5. Ng3 Bg6 6. Nf3 Nd7 7. Bd3 Bxd3 8. Qxd3 Ngf6 9. c4 e6 10. 0-0 Be7 11. b3 0-0 12. Bb2 Qa5 13. Qc2 Ba3 14. Bxa3 Qxa3 15. Rab1 Rfc8 16. b4 b5 17. Qb3 Qxb3 18. axb3 a5 19. bxa5 Rxa5 20. Rfd1 Kf8 21. Kf1 Ke7 22. Rd2 Rca8 23. Rbb2 h6 24. Ke2 Ra3 25. Rdc2 R8a7 26. h3 Kd6 27. Rd2 Kc7 28. Rdc2 Kb6 29. Nd2 Ka5 30. Nge4 Kb4 31. Nc3 Nf8 32. Na2+ Ka5 33. Nc1 Kb6 34. Nd3 N8d7 35. Ke3 Ra1 36. Nf3 Ne8 37. Nfe5 Nxe5 38. dxe5 Rg1 39. f4 Ra3 40. Ke4 Rd1 41. Nb4 bxc4 42. Rxc4 Kb5 43. Nxc6 Rxb3 44. Rxb3+ Kxc4 45. Rb8 f5+ 46. Ke3 Nc7 47. Ne7 Rd7 48. Ng6 Rd3+ 49. Kf2 Rd7 50. Rc8 Kd5 51. Nf8 Rf7 52. Rd8+ Ke4 53. g3 g5 54. Nd7 gxf4 0-1

[Event "Kowalewo Pomorskie op-B 16th"]
[Site "Kowalewo Pomorskie"]
[Date "2009.07.09"]
[Round "8"]
[White "Tuszynski, Eugeniusz"]
[Black "Siergiej, Izabela"]
[Result "0-1"]
[WhiteElo "1792"]
[BlackElo "1728"]
[PlyCount "47"]
[EventDate "2009.07.04"]
[EventType "swiss"]
[EventRounds "9"]
[EventCountry "POL"]
[SourceTitle "EXT 2011"]
[Source "ChessBase"]
[SourceDate "2010.11.26"]
[SourceVersion "1"]
[SourceVersionDate "2010.11.26"]
[SourceQuality "1"]

1. e4 c5 2. Nc3 Nc6 3. Nf3 e6 4. d4 cxd4 5. Nxd4 a6 6. Be2 Bb4 7. 0-0 Nge7 8. Be3 0-0 9. Bd3 Qc7 10. f4 Nxd4 11. Bxd4 Bc5 12. Bxc5 Qxc5+ 13. Kh1 Ng6 14. f5 Ne5 15. f6 Ng6 16. Qf3 gxf6 17. Qxf6 Qe5 18. Qf2 b5 19. Nd1 Bb7 20. Ne3 Qg5 21. Qe2 Nf4 22. Qf3 Ng6 23. Ng4 f5 24. Nf6+ 0-1

[Event "Kowalewo Pomorskie op-B 16th"]
[Site "Kowalewo Pomorskie"]
[Date "2009.07.04"]
[Round "1"]
[White "Szmidt, Przemyslaw"]
[Black "Siergiej, Izabela"]
[Result "1-0"]
[WhiteElo "1999"]
[BlackElo "1728"]
[PlyCount "73"]
[EventDate "2009.07.04"]
[EventType "swiss"]
[EventRounds "9"]
[EventCountry "POL"]
[SourceTitle "EXT 2011"]
[Source "ChessBase"]
[SourceDate "2010.11.26"]
[SourceVersion "1"]
[SourceVersionDate "2010.11.26"]
[SourceQuality "1"]

1. e4 c5 2. Nf3 d6 3. Bb5+ Nc6 4. 0-0 a6 5. Bxc6+ bxc6 6. d3 g6 7. e5 Bg7 8. Re1 d5 9. Nc3 Bg4 10. h3 Bxf3 11. Qxf3 e6 12. b3 Ne7 13. Ba3 Qc7 14. Qe2 c4 15. dxc4 dxc4 16. Qxc4 Bxe5 17. f4 Bf6 18. Rad1 0-0 19. Ne4 Bg7 20. Bd6 Qa7+ 21. Bc5 Qc7 22. Bd4 Bxd4+ 23. Qxd4 Nd5 24. c4 f5 25. cxd5 fxe4 26. d6 Qa5 27. Qxe4 Qc5+ 28. Qe3 Qxe3+ 29. Rxe3 Rxf4 30. Rxe6 Kf7 31. Re7+ Kg8 32. d7 Rd8 33. Re6 c5 34. Rc6 Rf7 35. Rc8 Rff8 36. Rxc5 Rf7 37. Rc6 1-0

[Event "POL-ch U18 Girls"]
[Site "Chotowa"]
[Date "2009.04.01"]
[Round "7"]
[White "Murawa, Monika"]
[Black "Siergiej, Izabela"]
[Result "0-1"]
[WhiteElo "1599"]
[BlackElo "1723"]
[PlyCount "100"]
[EventDate "2009.03.28"]
[EventType "swiss"]
[EventRounds "11"]
[EventCountry "POL"]
[SourceTitle "EXT 2011"]
[Source "ChessBase"]
[SourceDate "2010.11.26"]
[SourceVersion "1"]
[SourceVersionDate "2010.11.26"]
[SourceQuality "1"]

1. e4 c5 2. Nf3 d6 3. d4 cxd4 4. Nxd4 g6 5. Be3 Bg7 6. Nc3 Nc6 7. Bb5 Bd7 8. 0-0 Nf6 9. h3 0-0 10. Qd2 a6 11. Nxc6 bxc6 12. Bd3 Re8 13. Rab1 Qc7 14. Bh6 Bh8 15. Rfe1 e5 16. Ne2 d5 17. Ng3 Be6 18. a3 Nd7 19. b4 Nb6 20. Ne2 Rad8 21. Qe3 dxe4 22. Bxe4 Nc4 23. Qc3 f5 24. Bd3 e4 25. Bxc4 Bxc3 26. Bxe6+ Rxe6 27. Nxc3 Qe5 28. Ne2 Qb5 29. c3 Qc4 30. Nd4 Red6 31. Bf4 R6d7 32. Bg5 Re8 33. Rec1 Rb8 34. Nc2 Rd3 35. Bf6 c5 36. Ne3 Qe6 37. Bg5 cxb4 38. axb4 Rf8 39. g3 Kg7 40. h4 h6 41. Bf4 g5 42. hxg5 hxg5 43. Bxg5 Qg6 44. Bf4 Qh5 45. Ng2 Kf7 46. Be3 Rh8 47. Nh4 Qg4 48. Kf1 Rxh4 49. gxh4 f4 50. Bd4 e3 0-1

[Event "Polanica Zdroj op-C 44th"]
[Site "Polanica Zdroj"]
[Date "2008.08.23"]
[Round "5"]
[White "Siergiej, Izabela"]
[Black "Karpinski, Bartlomiej"]
[Result "0-1"]
[WhiteElo "1701"]
[BlackElo "1850"]
[PlyCount "98"]
[EventDate "2008.08.19"]
[EventType "swiss"]
[EventRounds "9"]
[EventCountry "POL"]
[SourceTitle "CBM 126 Extra"]
[Source "ChessBase"]
[SourceDate "2008.11.05"]
[SourceVersion "1"]
[SourceVersionDate "2008.11.05"]
[SourceQuality "1"]

1. e4 d5 2. exd5 Qxd5 3. Nc3 Qa5 4. d4 c6 5. Nf3 Bg4 6. Bc4 e6 7. 0-0 Nf6 8. h3 Bh5 9. Re1 Be7 10. Bf4 0-0 11. g4 Bg6 12. a3 Nbd7 13. Qe2 Rfe8 14. Rad1 Nb6 15. Bb3 Nbd5 16. Bxd5 Nxd5 17. Nxd5 cxd5 18. Ne5 Qb6 19. c3 Qb3 20. Nxg6 hxg6 21. Qd2 b5 22. Re3 a5 23. Qe2 Qa4 24. g5 b4 25. axb4 axb4 26. h4 bxc3 27. bxc3 Bf8 28. Re1 Qa2 29. Qg4 Qc2 30. h5 Qf5 31. Qh4 gxh5 32. Re5 Qg4+ 33. Qxg4 hxg4 34. R5e3 Ra3 35. Rg3 Rc8 36. Ree3 Be7 37. Kg2 Kh7 38. Rxg4 Rcxc3 39. Rxc3 Rxc3 40. Be3 Kg6 41. Rg3 Bd8 42. Kf1 Rb3 43. Ke2 Rb1 44. f4 Bc7 45. Kf3 Rd1 46. Ke2 Rh1 47. Kf3 Kf5 48. Kg2 Rh4 49. Rf3 Bxf4 0-1

[Event "POL-ch U16 Girls"]
[Site "Leba"]
[Date "2008.04.06"]
[Round "11"]
[White "Siergiej, Izabela"]
[Black "Adamowicz, Katarzyna"]
[Result "0-1"]
[WhiteElo "1677"]
[BlackElo "2079"]
[PlyCount "78"]
[EventDate "2008.03.29"]
[EventType "swiss"]
[EventRounds "11"]
[EventCountry "POL"]
[SourceTitle "CBM 123 Extra"]
[Source "ChessBase"]
[SourceDate "2008.05.06"]
[SourceVersion "1"]
[SourceVersionDate "2008.05.06"]
[SourceQuality "1"]

1. e4 e5 2. Nf3 Nc6 3. Bb5 a6 4. Ba4 Nf6 5. d4 exd4 6. e5 Ne4 7. 0-0 Be7 8. Nxd4 Nc5 9. Bxc6 dxc6 10. Nc3 0-0 11. Bf4 Ne6 12. Nxe6 Bxe6 13. Qe2 Qd4 14. Bg3 Bc4 15. Qd1 Qc5 16. Re1 Rad8 17. Qf3 Be6 18. Bf4 Rd7 19. Qg3 Kh8 20. h4 Rdd8 21. h5 h6 22. Rac1 Qb6 23. b3 c5 24. Ne4 Bf5 25. Qf3 Qe6 26. Ng3 c6 27. Qc3 Bh7 28. Qf3 Rd5 29. Ne2 b5 30. g4 Bg5 31. Qg2 Qd7 32. Bxg5 hxg5 33. Nc3 Rd2 34. Ne4 Bxe4 35. Qxe4 Rd4 36. Qe3 Qxg4+ 37. Kf1 Qxh5 38. Qg3 Rg4 39. Qe3 Rh4 0-1

[Event "POL-ch U16 Girls"]
[Site "Leba"]
[Date "2008.04.05"]
[Round "10"]
[White "Tarczykowska, Monika"]
[Black "Siergiej, Izabela"]
[Result "0-1"]
[WhiteElo "1793"]
[BlackElo "1677"]
[PlyCount "72"]
[EventDate "2008.03.29"]
[EventType "swiss"]
[EventRounds "11"]
[EventCountry "POL"]
[SourceTitle "CBM 123 Extra"]
[Source "ChessBase"]
[SourceDate "2008.05.06"]
[SourceVersion "1"]
[SourceVersionDate "2008.05.06"]
[SourceQuality "1"]

1. g3 g6 2. c4 Bg7 3. Bg2 Nf6 4. Nf3 0-0 5. 0-0 d6 6. Nc3 e5 7. d3 Nc6 8. Bg5 h6 9. Bd2 Nh5 10. e3 f5 11. Nh4 Kh7 12. f4 exf4 13. exf4 Be6 14. Be3 Nf6 15. Nf3 Ng4 16. Qd2 Re8 17. Rfe1 Qd7 18. Rad1 Rad8 19. h3 Nxe3 20. Rxe3 Nd4 21. Ne2 Nxf3+ 22. Bxf3 c6 23. Kh2 d5 24. cxd5 Bxd5 25. Rxe8 Rxe8 26. Bxd5 Qxd5 27. a3 Qf3 28. Ng1 Qd5 29. Qb4 b6 30. Rd2 c5 31. Qa4 Re7 32. Qc4 Qb7 33. Ne2 Qf3 34. Ng1 Qf1 35. Rg2 Bd4 36. b4 Bxg1+ 0-1

[Event "POL-ch U16 Girls"]
[Site "Leba"]
[Date "2008.04.02"]
[Round "6"]
[White "Siergiej, Izabela"]
[Black "Krajewska, Aleksandra"]
[Result "1/2-1/2"]
[WhiteElo "1677"]
[BlackElo "1712"]
[PlyCount "103"]
[EventDate "2008.03.29"]
[EventType "swiss"]
[EventRounds "11"]
[EventCountry "POL"]
[SourceTitle "CBM 123 Extra"]
[Source "ChessBase"]
[SourceDate "2008.05.06"]
[SourceVersion "1"]
[SourceVersionDate "2008.05.06"]
[SourceQuality "1"]

1. e4 c6 2. d4 d5 3. Nd2 dxe4 4. Nxe4 Bf5 5. Ng3 Bg6 6. Nf3 Nd7 7. Bd3 Bxd3 8. Qxd3 e6 9. 0-0 Ngf6 10. Bg5 Be7 11. Rfd1 0-0 12. a3 c5 13. c3 h6 14. Be3 Qb6 15. b4 cxb4 16. cxb4 Nd5 17. Ne4 Rfd8 18. Rac1 Rac8 19. Rxc8 Rxc8 20. Nc5 Rc7 21. Nd2 N7f6 22. Nc4 Qb5 23. Rc1 b6 24. Nb3 Ng4 25. Bd2 Bg5 26. h3 Ngf6 27. Bxg5 hxg5 28. Nbd2 Nf4 29. Qf3 Qd7 30. Nb3 Qc8 31. Nc5 bxc5 32. dxc5 N6d5 33. Nd6 Qd7 34. g3 Nxh3+ 35. Kg2 Nhf4+ 36. gxf4 Nxf4+ 37. Kh2 e5 38. Rc3 Qe6 39. Re3 f5 40. Qa8+ Kh7 41. Qd8 Qh6+ 42. Kg1 Ne6 43. Qe8 Nf4 44. Qxe5 Nh3+ 45. Kf1 Nf4 46. Qxf5+ g6 47. Qg4 Qh1+ 48. Qg1 Qd5 49. Qh2+ Nh5 50. Qh3 Qd1+ 51. Re1 Qd5 52. Kg1 1/2-1/2

[Event "Torun-ch"]
[Site "Torun"]
[Date "2007.11.24"]
[Round "6.8"]
[White "Gorniewicz, Oskar"]
[Black "Siergiej, Izabela"]
[Result "1-0"]
[WhiteElo "1673"]
[BlackElo "1661"]
[PlyCount "109"]
[EventDate "2007.11.09"]
[EventType "swiss"]
[EventRounds "9"]
[EventCountry "POL"]
[SourceTitle "EXT 2023"]
[Source "ChessBase"]
[SourceDate "2022.10.05"]
[SourceVersion "1"]
[SourceVersionDate "2022.10.05"]
[SourceQuality "1"]

1. Nf3 g6 2. d4 Bg7 3. e4 d6 4. c4 Nf6 5. Nc3 0-0 6. Be2 Nc6 7. a3 e5 8. d5 Ne7 9. 0-0 Nd7 10. b4 f5 11. Bb2 Nf6 12. Nd2 f4 13. c5 g5 14. Nc4 a6 15. b5 Ng6 16. b6 dxc5 17. Na4 Nd7 18. Qb3 Kh8 19. Bg4 Nxb6 20. Bxc8 Nxc8 21. Nxc5 b5 22. Nd2 Re8 23. Ne6 Qe7 24. Rac1 Ra7 25. Rc6 Nf8 26. Nxg7 Qxg7 27. Rfc1 Nd6 28. Qc3 Re7 29. Qc5 Rb7 30. Rxa6 Nd7 31. Qc6 Re8 32. Qc3 Nb6 33. Qc6 Nd7 34. Qc3 Nb6 35. Qh3 Qg6 36. Rc6 g4 37. Qc3 Na4 38. Qc2 Nxb2 39. Rxc7 Rxc7 40. Qxc7 Rc8 41. Qe7 Qg7 42. Qxd6 f3 43. Rc6 Rf8 44. Rc7 Qf6 45. Qxf6+ Rxf6 46. gxf3 gxf3 47. Rc3 Rg6+ 48. Kf1 Nc4 49. Nxc4 bxc4 50. Rxf3 Rb6 51. Rc3 Rb3 52. Rxc4 Rxa3 53. Rc8+ Kg7 54. Re8 Kf6 55. Re6+ 1-0

[Event "Kowalewo Pomorskie op-B"]
[Site "Kowalewo Pomorskie"]
[Date "2007.07.07"]
[Round "4.7"]
[White "Dus, Leszek"]
[Black "Siergiej, Izabela"]
[Result "1-0"]
[WhiteElo "1926"]
[BlackElo "1586"]
[PlyCount "95"]
[EventDate "2007.07.04"]
[EventType "swiss"]
[EventRounds "9"]
[EventCountry "POL"]
[SourceTitle "EXT 2023"]
[Source "ChessBase"]
[SourceDate "2022.10.05"]
[SourceVersion "1"]
[SourceVersionDate "2022.10.05"]
[SourceQuality "1"]

1. d4 Nf6 2. Bg5 g6 3. Bxf6 exf6 4. e3 Bg7 5. Ne2 0-0 6. h4 d5 7. h5 Nc6 8. hxg6 fxg6 9. Nbc3 f5 10. Nf4 Ne7 11. Qf3 c6 12. 0-0-0 b5 13. Kb1 a5 14. Rc1 a4 15. Be2 b4 16. Nd1 Qb6 17. Nd3 b3 18. cxb3 axb3 19. a3 Ba6 20. Nc5 Bc8 21. g3 f4 22. gxf4 Bf5+ 23. Bd3 Bxd3+ 24. Nxd3 Nf5 25. Qh3 h6 26. Ne5 Bxe5 27. fxe5 Rac8 28. Rc5 Qa6 29. Nc3 Qd3+ 30. Ka1 Rfd8 31. Rd1 Qa6 32. Qg4 Kf7 33. Rg1 Rg8 34. Qd1 Qb6 35. Qd3 Rcd8 36. Ne2 h5 37. Nf4 Ne7 38. Nh3 Nf5 39. Rgc1 Rc8 40. f4 Rgd8 41. Ng5+ Ke7 42. Nh7 h4 43. Rg1 Rg8 44. Rc3 Rb8 45. Rgc1 Rbc8 46. Nf6 h3 47. Rf1 Rh8 48. Rcc1 1-0

[Event "POL-ch U16 Girls"]
[Site "Leba"]
[Date "2007.03.26"]
[Round "4"]
[White "Siergiej, Izabela"]
[Black "Szczurek, Natalia"]
[Result "1-0"]
[WhiteElo "1516"]
[BlackElo "1783"]
[PlyCount "81"]
[EventDate "2007.03.24"]
[EventType "swiss"]
[EventRounds "11"]
[EventCountry "POL"]
[SourceTitle "EXT 2011"]
[Source "ChessBase"]
[SourceDate "2010.11.26"]
[SourceVersion "1"]
[SourceVersionDate "2010.11.26"]
[SourceQuality "1"]

1. e4 c5 2. Nf3 e6 3. d4 cxd4 4. Nxd4 a6 5. Bd3 g6 6. Be3 Bg7 7. Nc3 Nc6 8. Nb3 Nge7 9. 0-0 0-0 10. Qd2 Ne5 11. h3 d5 12. exd5 Nxd5 13. Rfd1 Nxe3 14. Qxe3 Qh4 15. Rab1 f5 16. f4 Nxd3 17. Rxd3 Re8 18. Qg3 Qe7 19. Rbd1 b5 20. a3 Qc7 21. Qf2 Rb8 22. Nc5 b4 23. N3a4 a5 24. g3 e5 25. Nd7 Bxd7 26. Rxd7 Qc6 27. Qa7 Qf6 28. R1d6 Qf8 29. Nc5 Ra8 30. Qb7 Rab8 31. Qd5+ Kh8 32. Ne6 Rxe6 33. Qxe6 exf4 34. gxf4 Re8 35. Qd5 Bxb2 36. Rd8 Kg7 37. Rxe8 Qxe8 38. Re6 Qf8 39. axb4 a4 40. Qd7+ Kg8 41. Re8 1-0